Dictionary of Civil Engineering / (Record no. 1894)
[ view plain ]
| 000 -LEADER | |
|---|---|
| fixed length control field | 00312 a2200109 4500 |
| 082 ## - DEWEY DECIMAL CLASSIFICATION NUMBER | |
| Classification number | 624.03 SCO |
| 100 ## - MAIN ENTRY--PERSONAL NAME | |
| Personal name | Scott,J.S. |
| 245 ## - TITLE STATEMENT | |
| Title | Dictionary of Civil Engineering / |
| Statement of responsibility, etc. | J.S.Scott |
| 250 ## - EDITION STATEMENT | |
| Edition statement | 4th.ed. |
| 260 ## - PUBLICATION, DISTRIBUTION, ETC. | |
| Place of publication, distribution, etc. | New Delhi : |
| Date of publication, distribution, etc. | CBS Publishers and Distributers, |
| Name of publisher, distributor, etc. | 1996 |
| 300 ## - PHYSICAL DESCRIPTION | |
| Extent | 533p. : |
| Other physical details | ill. ; |
| Dimensions | 24cm |
| 650 ## - SUBJECT ADDED ENTRY--TOPICAL TERM | |
| Topical term or geographic name entry element | Engineering dictionary |
| Withdrawn status | Lost status | Damaged status | Not for loan | Permanent Location | Current Location | Shelving location | Date acquired | Total Checkouts | Full call number | Barcode | Date last seen | Price effective from | Koha item type |
|---|---|---|---|---|---|---|---|---|---|---|---|---|---|
| School of Civil and Environmental Engineering (SCEE) | School of Civil and Environmental Engineering (SCEE) | 624.03 SCO | NIT-2358 | 01/05/2017 | 01/05/2017 | Book |
